000 00878nam a2200253Ia 4500
003 OSt
005 20221005103457.0
006 a|||||r|||| 00| 0
007 ta
008 221004b |||||||| |||| 00| 0 hin d
024 _a107992
037 _cTextual
040 _aCRL
_cCRL
_bhin
041 _2hin
_ahin
082 _aO152,1:g, L7
100 _aगोविन्द रजनीश
245 0 _aफागु काव्य
_b स्वरूप विकास एवं मूल्यांकन
246 _aFāgu kāvya: svarūp vikās evan mūlyāankana
260 _aजयपुर
_bमंगल प्रकाशन भारत
_c1977
300 _a178पृ0
_ccm.
650 _aहिन्दी साहित्य
942 _hO152,1:g, L7
_cTEXL
_2cc
999 _c1010142
_d1010142